Healing your insecurities. (Record no. 12643)

000 -LEADER
fixed length control field 00730nam a2200205 a 4500
001 - CONTROL NUMBER
control field :::00010452$&:&@@
003 - CONTROL NUMBER IDENTIFIER
control field OkBaRHE
005 - DATE AND TIME OF LATEST TRANSACTION
control field 20010104120332.0
008 - FIXED-LENGTH DATA ELEMENTS--GENERAL INFORMATION
fixed length control field s1982 j 000 0 eng u
040 ## - CATALOGING SOURCE
Transcribing agency
100 1# - MAIN ENTRY--PERSONAL NAME
Personal name Hicks, Roy H.
245 10 - TITLE STATEMENT
Title Healing your insecurities.
260 ## - PUBLICATION, DISTRIBUTION, ETC. (IMPRINT)
Place of publication, distribution, etc Tulsa, OK., :
Name of publisher, distributor, etc Harrison House
Date of publication, distribution, etc c1982
300 ## - PHYSICAL DESCRIPTION
Extent 122 p. ;
Dimensions 17 cm.
650 ## - SUBJECT ADDED ENTRY--TOPICAL TERM
Topical term or geographic name as entry element Christian Life
942 ## - ADDED ENTRY ELEMENTS (KOHA)
Source of classification or shelving scheme
Koha item type Books
Copies
Price effective from Lost status Permanent Location Damaged status Source of classification or shelving scheme Date last seen Shelving location Koha item type Not for loan Copy number Full call number Date acquired Barcode Withdrawn status
2010-04-14 RHEMA Bible Training College  2010-04-14General StacksBooks 1BV 4501 .H522010-04-1410452 
2010-04-14 RHEMA Bible Training College  2010-04-14General StacksBooks 2BV 4501 .H522010-04-1415477 
2010-04-14 RHEMA Bible Training College  2010-04-14General StacksBooks 3BV 4501 .H522010-04-1418755